De 20e eeuw - Statistieken

Algemene statistieken
  • Deze quiz is 62 keer genomen
  • De gemiddelde score is 10 van 19
Antwoordstatistieken
Jaar Beschrijving Antwoord % Correct
1945-1991 De VS en de USSR vechten deze "oorlog" uit Koude Oorlog
98%
1908-1927 Dit automodel van Ford is het eerste dat zeer populair wordt Ford {T}
92%
1912 Dit beroemde schip botst op een ijsberg en zinkt RMS Titanic
92%
1969 Deze man is de eerste die op de maan wandelt Neil Armstrong
88%
1918-1920 Deze pandemie doodt ongeveer 3% van de toenmalige wereldbevolking {Spaanse} Griep
76%
1962 De VS en de USSR hebben een groot meningsverschil over raketten op dit eiland Cuba
70%
1941 Japan voert een verrassingsaanval uit op deze Amerikaanse marinebasis Pearl Harbor
70%
1914 Deze aartshertog wordt vermoord en leidt tot de Eerste Wereldoorlog Franz Ferdinand
66%
1915 Dit rijk vermoordt systematisch 1,5 miljoen Armeniërs {Ottomaanse} Rijk
64%
1922 Deze stroming komt sterk op als Benito Mussolini de macht grijpt in Italië Fascisme
54%
1999 Atmosferische niveaus van dit broeikasgas bereiken 365ppm wat 25% meer is dan in 1900 Koolstofdioxide
50%
1958-1961 De "Grote Sprong Voorwaarts" van deze man zorgt ervoor dat 30 miljoen mensen van honger sterven Mao Zedong
44%
1955 Een vaccin voor deze ziekte wordt ontwikkeld Polio
42%
1979 Demonstranten komen aan de macht in dit land en vestigen er een theocratie Iran
32%
1946 Van dit modern apparaat worden de eerste in gebruik genomen Computer
30%
1933 Deze politicus zegt "Het enige waar we angst voor moeten hebben is angst zelf" Franklin D. Roosevelt
24%
1930 Deze leider wandelt naar de zee om zout te halen en trotseert de Britse heerschappij Mohandas Gandhi
22%
1927 Deze piloot maakt de eerste non-stop vlucht van New York naar Parijs Charles Lindbergh
18%
1936 Deze Britse Koning treed af Edward VIII
16%
Geen overeenkomende quizzen gevonden
Scoreverdeling
Procent van Mensen met Elke Score
Percentiel versus Aantal Correcte Antwoorden
Uw Scoregeschiedenis
U heeft deze quiz nog niet genomen